01006naa a22001697i 4500003000900000005001700009008004100026035001700067040002400084041000800108100010000116245016900216260001000385655003000395711016400425773024700589KOSZ 00520180315094018.0160308s2010 pl ||||| ||||1|| 0 pol  aPBN-R:247579 cKOSZ 005/mdaPBN-ID0 apol aBUJACZEK, Robert.bPolitechnika Koszalińska - Wydział Mechaniczny,cKatedra Agroinżynierii10aAnaliza rozwiązań technicznych dostępnych pras zwijających w aspekcie wykorzystania ich do prasowania materiałów drobnorozdrobnionych /cRobert Bujaczek. c2010. 0aMateriały konferencyjne. aMiędzynarodowa Konferencja Naukowa z cyklu Problemy Inżynierii Rolniczej : Inżynieria rolnicza a środowiskon(14 ;d2010.06.21-23 ;cSzczecin, Polska).08iW :tInżynieria rolnicza a środowisko [Dokument elektroniczny] : XIV Międzynarodowa Konferencja Naukowa z cyklu Problemy Inżynierii Rolniczej. -dSzczecin : Wydaw. Uczelniane Zachodniopomorskiego Uniwersytetu Technologicznego, 2010. -